| 000 | 01673nam a2200397 a 4500 | ||
|---|---|---|---|
| 999 |
_c143471 _d143471 |
||
| 003 | BLK | ||
| 005 | 20240624115351.0 | ||
| 008 | 180409b bul|||||r ||||||| ||bul|| | ||
| 010 | _aKNG00149594000 | ||
| 040 | _aBLK | ||
| 041 |
_aBUL _cBUL |
||
| 072 | 7 |
_2bullib _aК _xКраезнание |
|
| 080 |
_aБългарска литература _b821.163.2 _x-93-1 _z821.163.2-93-1 |
||
| 100 |
_aЧерняев, Христо Иванов _d1930 - 2021 _gБългарски поет, публицист и писател _9365420 |
||
| 139 |
_aЧерняев, Христо _bЧ 71 |
||
| 245 | 1 | 0 |
_aСиня стряха _bСтихове за деца _cХристо Иванов Черняев; худож. Кирил Гюлеметов; * Христо Иванов Бонев. |
| 257 | _aBGR | ||
| 260 |
_bБълг. писател _c1973 _aСофия |
||
| 300 |
_a63 с. _bс ил. _c21 см |
||
| 380 | _aDX | ||
| 500 | _aИстинското име на авт. е Христо Иванов Бонев. - 4 100 тир. | ||
| 653 | _aлитература за деца | ||
| 653 | _aдетска литература | ||
| 700 | 1 |
_aГюлеметов, Кирил _eхудож. _9374590 |
|
| 700 | 1 |
_aБонев, Христо Иванов _e* _9327810 |
|
| 852 | _aЦб 263092 | ||
| 852 | _aК 821.163.2/Ч 71 Х | ||
| 856 | 4 |
_qpdf _i0.00 _ldisable |
|
| 856 | 4 |
_qpdf _i0.00 _ldisable |
|
| 942 |
_cKNG _n0 _s1 |
||
| 944 |
_aCR _c20.08.2013 _lХристина Везирева _k30535 |
||
| 944 |
_aED _c17.11.2017 _l20.08.2013 - от С1,Р / 20.08.2013 _kВася_Ганчева |
||
| 999 | _d143471 | ||
| 999 | _d143471 | ||
| 999 | _d143471 | ||